Castes of mind : (Record no. 4982)

MARC details
000 -LEADER
fixed length control field 00579 a2200181 4500
010 ## - LCCN (DPL NO)
LC control number ENG-86682
020 ## - INTERNATIONAL STANDARD BOOK NUMBER
Terms of availability 350.00
International Standard Book Number 8178240726
035 ## - SYSTEM CONTROL NUMBER
System control number EN-70215
037 #h - SOURCE OF ACQUISITION
Source of stock number/acquisition DBAD / PUB
082 14 - DEWEY DECIMAL CLASSIFICATION NUMBER
Classification number 305.5
100 1# - MAIN ENTRY--PERSONAL NAME
Personal name Dirks, Nicholas B.
245 1# - TITLE STATEMENT
Title Castes of mind :
Statement of responsibility, etc by Nicholas B. Dirks
Remainder of title colonialism and the making of modern India /
260 ## - PUBLICATION, DISTRIBUTION, ETC. (IMPRINT)
Place of publication, distribution, etc Delhi
Name of publisher, distributor, etc Permanent Black
Date of publication, distribution, etc 2006
270 ## - ADDRESS
Address D-28, Oxford Apartments, 11, I. P. Extension
City Delhi
Postal code 110 092
300 ## - PHYSICAL DESCRIPTION
Extent xv, 372 p
Dimensions 22 cm (Pbk)
500 ## - GENERAL NOTE
General note Includes index
942 ## - ADDED ENTRY ELEMENTS (KOHA)
Institution code [OBSOLETE] dpl
Item type English Books
Source of classification or shelving scheme Dewey Decimal Classification
Classification part 305.5
Call number suffix DIR
Holdings
Withdrawn status Lost status Not for loan Collection code Home library Current library Source of acquisition Cost, normal purchase price Full call number Barcode Copy number Cost, replacement price Koha item type
    Not For Loan Non-fiction D.B.Act.Division D.B.Act.Division DBAD/PUB 350.00 305.5 DIR EN-70215 1 350.00 English Books

© Delhi Public Library
Hit Counter
free hit counter